Most Popular Songs in USA 9/13/2025 - Statistics

General Stats
  • This quiz has been taken 16 times
  • The average score is 6 of 15
Answer Stats
Rank Artist (Rank) Answer Streams Radio Airplay Sales % Correct
14. Lady GaGa, Bruno Mars Die With A Smile 9.3 Million 47.7 Million 1.5 Thousand
80%
2. Alex Warren Ordinary 22.6 Million 73.1 Million 7.5 Thousand
73%
4. Sabrina Carpenter Manchild 19.3 Million 49.6 Million 1.5 Thousand
67%
1. HUNTR/X Golden 34.6 Million 22.7 Million 9 Thousand
60%
9. HUNTR/X How It's Done 17.7 Million 0.5 Million 2.5 Thousand
47%
3. Sabrina Carpenter Tears 26.4 Million 11.7 Million 2.5 Thousand
47%
5. Saja Boys Your Idol 20.4 Million 0.3 Million 2.5 Thousand
47%
6. Saja Boys Soda Pop 19.3 Million 0.3 Million 3.5 Thousand
40%
11. Justin Bieber Daisies 11.5 Million 33.1 Million 1.5 Thousand
33%
10. Teddy Swims Lose Control 13.8 Million 33.4 Million 2 Thousand
27%
12. Sabrina Carpenter Nobody's Son 15.9 Million 0.7 Million 0.5 Thousand
27%
7. Morgan Wallen, Tate McRae What I Want 15.6 Million 26.9 Million 1.5 Thousand
27%
8. Ravyn Lenae Love Me Not 11.2 Million 48.4 Million 0.7 Thousand
20%
13. Morgan Wallen I Got Better 13.5 Million 21 Million 0.9 Thousand
13%
15. Sabrina Carpenter My Man On Willpower 15.7 Million 0.1 Million 0.3 Thousand
13%
No matching quizzes found
Score Distribution
Percent of People with Each Score
Percentile by Number Answered
Your Score History
You have not taken this quiz